[Event "3rd FIDE WCCC Rapid U10 2019"]
[Site "Minsk"]
[Date "2019.08.16"]
[Round "4.4"]
[White "Bukreev, Stanislav"]
[Black "Lisenkov, Svyatoslav"]
[Result "1-0"]
[WhiteElo "1257"]
[BlackElo "1478"]
[Annotator "NA"]
[PlyCount "153"]
[EventDate "2019.08.16"]
[EventType "swiss"]
[EventCountry "BLR"]
[SourceTitle "playchess.com"]
[Source "ChessBase"]
[SourceQuality "1"]
[TimeControl "600+5"]

1. d4 {[%emt 0:00:00]} Nf6 {[%emt 0:00:00]} 2. c4 {[%emt 0:00:01]} g6 {[%emt 0:00:00]} 3. Nc3 {[%emt 0:00:02]} Bg7 {[%emt 0:00:00]} 4. Nf3 {[%emt 0:00:02]} d6 {[%emt 0:00:03]} 5. g3 {[%emt 0:00:03]} O-O {[%emt 0:00:03]} 6. Bg2 {[%emt 0:00:02]} Nc6 {[%emt 0:00:02]} 7. O-O {[%emt 0:00:05]} Bf5 {[%emt 0:00:03]} 8. d5 {[%emt 0:00:21]} Na5 {[%emt 0:00:02]} 9. Nd2 {[%emt 0:00:13]} c6 {[%emt 0:00:06]} 10. e4 {[%emt 0:00:21]} Bg4 {[%emt 0:00:06]} 11. Qc2 {[%emt 0:00:29]} cxd5 {[%emt 0:00:06]} 12. cxd5 {[%emt 0:00:13]} Rc8 {[%emt 0:00:32]} 13. h3 {[%emt 0:00:08]} Bd7 {[%emt 0:00:13]} 14. Nb3 {[%emt 0:00:42]} Ne8 {[%emt 0:01:32]} 15. Bd2 {[%emt 0:00:39]} Nc4 {[%emt 0:00:08]} 16. Rac1 {[%emt 0:00:15]} Nxd2 {[%emt 0:00:28]} 17. Qxd2 {[%emt 0:00:13]} b5 {[%emt 0:00:24]} 18. Ne2 {[%emt 0:00:18]} Qb6 {[%emt 0:02:14]} 19. Rxc8 {[%emt 0:00:15]} Bxc8 {[%emt 0:00:02]} 20. Rc1 {[%emt 0:00:01]} Bd7 {[%emt 0:00:19]} 21. Ned4 {[%emt 0:00:07]} Nc7 {[%emt 0:00:28]} 22. Nc6 {[%emt 0:00:11]} Bxc6 {[%emt 0:01:09]} 23. Rxc6 {[%emt 0:00:05]} Qb8 {[%emt 0:00:12]} 24. Qc2 {[%emt 0:00:16]} Na8 {[%emt 0:00:38]} 25. Bf1 {[%emt 0:00:32]} Nb6 {[%emt 0:01:12]} 26. Na5 {[%emt 0:02:09]} Nc4 {[%emt 0:01:13]} 27. Bxc4 {[%emt 0:00:36]} bxc4 {[%emt 0:00:02]} 28. Nxc4 {[%emt 0:00:02]} Bd4 {[%emt 0:00:50]} 29. b3 {[%emt 0:00:15]} Bc5 {[%emt 0:00:08]} 30. a3 {[%emt 0:00:10]} Rc8 {[%emt 0:00:02]} 31. b4 {[%emt 0:00:18]} Bd4 {[%emt 0:00:05]} 32. Na5 {[%emt 0:00:07]} Re8 {[%emt 0:00:02]} 33. Nb3 {[%emt 0:00:10]} Bb6 {[%emt 0:00:04]} 34. Qc4 {[%emt 0:00:10]} f6 {[%emt 0:00:09]} 35. Nd4 {[%emt 0:00:10]} Kf7 {[%emt 0:00:09]} 36. Ne6 {[%emt 0:00:05]} Kg8 {[%emt 0:00:04]} 37. Kg2 {[%emt 0:00:03]} Kf7 {[%emt 0:00:02]} 38. a4 {[%emt 0:00:05]} a5 {[%emt 0:00:09]} 39. b5 {[%emt 0:00:51]} Kg8 {[%emt 0:00:05]} 40. Nf4 {[%emt 0:00:05]} Kf7 {[%emt 0:00:05]} 41. Ne2 {[%emt 0:00:02]} Qb7 {[%emt 0:00:05]} 42. Nd4 {[%emt 0:00:04]} Bxd4 {[%emt 0:00:05]} 43. Qxd4 {[%emt 0:00:01]} Rc8 {[%emt 0:00:05]} 44. Qc4 {[%emt 0:00:09]} Re8 {[%emt 0:00:01]} 45. Rc7 {[%emt 0:00:02]} Qb6 {[%emt 0:00:02]} 46. Rc6 {[%emt 0:00:02]} Qb7 {[%emt 0:00:01]} 47. Qc3 {[%emt 0:00:02]} Ra8 {[%emt 0:00:04]} 48. Qd4 {[%emt 0:00:03]} Rb8 {[%emt 0:00:09]} 49. Qc3 {[%emt 0:00:05]} Ra8 {[%emt 0:00:02]} 50. Kf3 {[%emt 0:00:03]} Kf8 {[%emt 0:00:13]} 51. Rc7 {[%emt 0:00:06]} Qb6 {[%emt 0:00:05]} 52. Qc6 {[%emt 0:00:01]} Qb8 {[%emt 0:00:08]} 53. h4 {[%emt 0:00:19]} h5 {[%emt 0:00:05]} 54. Ke2 {[%emt 0:00:04]} Kf7 {[%emt 0:00:03]} 55. Ke3 {[%emt 0:00:02]} Kf8 {[%emt 0:00:01]} 56. Kf3 {[%emt 0:00:00]} Kf7 {[%emt 0:00:02]} 57. Qd7 {[%emt 0:00:06]} Qe8 {[%emt 0:00:08]} 58. Qc6 {[%emt 0:00:03]} Qb8 {[%emt 0:00:04]} 59. Rb7 {[%emt 0:00:10]} Qd8 {[%emt 0:00:02]} 60. b6 {[%emt 0:00:09]} Rc8 {[%emt 0:00:01]} 61. Rc7 {[%emt 0:00:01]} Rxc7 {[%emt 0:00:19]} 62. Qxc7 {[%emt 0:00:04]} Qa8 {[%emt 0:00:04]} 63. b7 {[%emt 0:00:07]} Qa6 {[%emt 0:00:02]} 64. b8=Q {[%emt 0:00:07]} Qf1 {[%emt 0:00:06]} 65. Qb2 {[%emt 0:00:17]} Qh1+ {[%emt 0:00:02]} 66. Ke3 {[%emt 0:00:01]} Qe1+ {[%emt 0:00:06]} 67. Qe2 {[%emt 0:00:01]} Qb4 {[%emt 0:00:08]} 68. Qcc4 {[%emt 0:00:01]} Qb1 {[%emt 0:00:02]} 69. Kf3 {[%emt 0:00:03]} Qh1+ {[%emt 0:00:03]} 70. Ke3 {[%emt 0:00:00]} Qb1 {[%emt 0:00:04]} 71. Qec2 {[%emt 0:00:03]} Qe1+ {[%emt 0:00:03]} 72. Q4e2 {[%emt 0:00:00]} Qh1 {[%emt 0:00:05]} 73. Qc8 {[%emt 0:00:04]} Kg7 {[%emt 0:00:05]} 74. Qe6 {[%emt 0:00:02]} Qc1+ {[%emt 0:00:03]} 75. Qd2 {[%emt 0:00:05]} Qc5+ {[%emt 0:00:17]} 76. Ke2 {[%emt 0:00:03]} Kf8 {[%emt 0:00:03]} 77. Qh6+ {[%emt 0:00:02]} 1-0

[Event "3rd FIDE WCCC Rapid U10 2019"]
[Site "Minsk"]
[Date "2019.08.16"]
[Round "4.5"]
[White "Misiuk, Martynas"]
[Black "Tiulyagin, Matvey"]
[Result "1/2-1/2"]
[WhiteElo "1331"]
[BlackElo "1348"]
[Annotator "NA"]
[PlyCount "58"]
[EventDate "2019.08.16"]
[EventType "swiss"]
[EventCountry "BLR"]
[SourceTitle "playchess.com"]
[Source "ChessBase"]
[SourceQuality "1"]
[TimeControl "600+5"]

1. e4 {[%emt 0:00:00]} e6 {[%emt 0:00:00]} 2. d4 {[%emt 0:00:00]} b6 {[%emt 0:00:00]} 3. Nf3 {[%emt 0:00:10]} Bb7 {[%emt 0:00:00]} 4. Nc3 {[%emt 0:00:01]} Bb4 {[%emt 0:00:00]} 5. Bd3 {[%emt 0:00:05]} Nf6 {[%emt 0:00:04]} 6. Bg5 {[%emt 0:00:11]} h6 {[%emt 0:00:12]} 7. Bxf6 {[%emt 0:00:06]} Qxf6 {[%emt 0:00:03]} 8. O-O {[%emt 0:00:06]} a6 {[%emt 0:00:15]} 9. Qe2 {[%emt 0:00:16]} d6 {[%emt 0:00:13]} 10. Rad1 {[%emt 0:00:13]} Nd7 {[%emt 0:00:09]} 11. e5 {[%emt 0:00:32]} Bxf3 {[%emt 0:00:11]} 12. exf6 {[%emt 0:00:06]} Bxe2 {[%emt 0:00:08]} 13. fxg7 {[%emt 0:00:02]} Rg8 {[%emt 0:00:08]} 14. Nxe2 {[%emt 0:00:10]} b5 {[%emt 0:00:14]} 15. c3 {[%emt 0:00:27]} Ba5 {[%emt 0:00:04]} 16. Rfe1 {[%emt 0:00:27]} O-O-O {[%emt 0:00:10]} 17. a4 {[%emt 0:00:46]} c6 {[%emt 0:00:15]} 18. Ra1 {[%emt 0:00:43]} Bc7 {[%emt 0:00:19]} 19. axb5 {[%emt 0:00:07]} axb5 {[%emt 0:00:02]} 20. Ra6 {[%emt 0:00:28]} Kb7 {[%emt 0:00:04]} 21. Rea1 {[%emt 0:00:07]} Bb6 {[%emt 0:00:07]} 22. c4 {[%emt 0:00:30]} bxc4 {[%emt 0:00:09]} 23. Bxc4 {[%emt 0:00:05]} Rxg7 {[%emt 0:00:05]} 24. R6a3 {[%emt 0:00:40]} Rg4 {[%emt 0:00:31]} 25. h3 {[%emt 0:00:51]} Rg5 {[%emt 0:00:14]} 26. Rf3 {[%emt 0:00:33]} Rg7 {[%emt 0:00:22]} 27. Ba6+ {[%emt 0:00:44]} Kc7 {[%emt 0:00:06]} 28. Rc1 {[%emt 0:00:55]} Nb8 {[%emt 0:00:11]} 29. Bc4 {[%emt 0:00:09]} Kb7 {[%emt 0:00:07]} 1/2-1/2

[Event "3rd FIDE WCCC Rapid U10 2019"]
[Site "Minsk"]
[Date "2019.08.16"]
[Round "4.6"]
[White "Zemlyanskii, Ivan"]
[Black "Gusev, Mikhail"]
[Result "1-0"]
[WhiteElo "1571"]
[BlackElo "1598"]
[Annotator "NA"]
[PlyCount "63"]
[EventDate "2019.08.16"]
[EventType "swiss"]
[EventCountry "BLR"]
[SourceTitle "playchess.com"]
[Source "ChessBase"]
[SourceQuality "1"]
[TimeControl "600+5"]

1. d4 {[%emt 0:00:00]} Nf6 {[%emt 0:00:00]} 2. c4 {[%emt 0:00:00]} c5 {[%emt 0:00:00]} 3. d5 {[%emt 0:00:00]} b5 {[%emt 0:00:00]} 4. cxb5 {[%emt 0:00:01]} a6 {[%emt 0:00:00]} 5. bxa6 {[%emt 0:00:02]} g6 {[%emt 0:00:01]} 6. Nc3 {[%emt 0:00:03]} Bg7 {[%emt 0:00:02]} 7. Nf3 {[%emt 0:00:06]} O-O {[%emt 0:00:04]} 8. e4 {[%emt 0:00:03]} Qa5 {[%emt 0:00:10]} 9. Bd2 {[%emt 0:00:34]} d6 {[%emt 0:00:03]} 10. Bd3 {[%emt 0:00:34]} Bxa6 {[%emt 0:00:05]} 11. Bxa6 {[%emt 0:00:07]} Qxa6 {[%emt 0:00:01]} 12. Qc2 {[%emt 0:00:40]} Ng4 {[%emt 0:00:21]} 13. h3 {[%emt 0:00:22]} Ne5 {[%emt 0:00:01]} 14. Nxe5 {[%emt 0:00:04]} Bxe5 {[%emt 0:00:03]} 15. h4 {[%emt 0:00:24]} Nd7 {[%emt 0:00:15]} 16. h5 {[%emt 0:00:19]} Bd4 {[%emt 0:00:46]} 17. Ne2 {[%emt 0:00:50]} Ne5 {[%emt 0:00:12]} 18. Rh3 {[%emt 0:00:21]} Rab8 {[%emt 0:01:18]} 19. Bc3 {[%emt 0:00:11]} Bxc3+ {[%emt 0:00:06]} 20. bxc3 {[%emt 0:00:02]} c4 {[%emt 0:00:42]} 21. hxg6 {[%emt 0:00:46]} fxg6 {[%emt 0:00:27]} 22. Qd2 {[%emt 0:01:50]} Nd3+ {[%emt 0:00:15]} 23. Kf1 {[%emt 0:00:30]} Nxf2 {[%emt 0:00:17]} 24. Rf3 {[%emt 0:00:35]} Nxe4 {[%emt 0:00:21]} 25. Qe3 {[%emt 0:00:42]} Nf6 {[%emt 0:02:11]} 26. Nd4 {[%emt 0:00:24]} Rf7 {[%emt 0:02:30]} 27. Qe6 {[%emt 0:00:39]} Re8 {[%emt 0:01:21]} 28. Rxf6 {[%emt 0:00:37]} exf6 {[%emt 0:00:01]} 29. Qxe8+ {[%emt 0:00:01]} Rf8 {[%emt 0:00:06]} 30. Qd7 {[%emt 0:00:08]} h5 {[%emt 0:00:28]} 31. Ne6 {[%emt 0:00:05]} Rf7 {[%emt 0:00:00]} 32. Qe8+ {[%emt 0:00:01]} 1-0

[Event "3rd FIDE WCCC Rapid U10 2019"]
[Site "Minsk"]
[Date "2019.08.17"]
[Round "5.1"]
[White "Zverev, Lev"]
[Black "Dyachuk, Artem"]
[Result "1-0"]
[WhiteElo "1881"]
[BlackElo "1634"]
[Annotator "NA"]
[PlyCount "59"]
[EventDate "2019.08.16"]
[EventType "swiss"]
[EventCountry "BLR"]
[SourceTitle "playchess.com"]
[Source "ChessBase"]
[SourceQuality "1"]
[TimeControl "600+5"]

1. e4 {[%emt 0:00:00]} c5 {[%emt 0:00:00]} 2. Nf3 {[%emt 0:00:00]} e6 {[%emt 0:00:00]} 3. d4 {[%emt 0:00:01]} cxd4 {[%emt 0:00:00]} 4. Nxd4 {[%emt 0:00:02]} Nc6 {[%emt 0:00:00]} 5. Nc3 {[%emt 0:00:17]} Bb4 {[%emt 0:00:04]} 6. Ndb5 {[%emt 0:00:29]} Nf6 {[%emt 0:02:25]} 7. a3 {[%emt 0:00:01]} Bxc3+ {[%emt 0:00:09]} 8. Nxc3 {[%emt 0:00:01]} d5 {[%emt 0:00:13]} 9. exd5 {[%emt 0:00:08]} exd5 {[%emt 0:00:02]} 10. Bd3 {[%emt 0:00:17]} Be6 {[%emt 0:00:09]} 11. O-O {[%emt 0:00:07]} O-O {[%emt 0:00:04]} 12. Bf4 {[%emt 0:00:09]} a6 {[%emt 0:00:50]} 13. Ne2 {[%emt 0:02:13]} Ne4 {[%emt 0:02:21]} 14. Ng3 {[%emt 0:00:56]} Qf6 {[%emt 0:00:50]} 15. Qc1 {[%emt 0:00:42]} Nc5 {[%emt 0:01:49]} 16. Be2 {[%emt 0:00:45]} Rfc8 {[%emt 0:01:46]} 17. Be3 {[%emt 0:02:07]} d4 {[%emt 0:00:10]} 18. Bg5 {[%emt 0:00:04]} Qe5 {[%emt 0:00:03]} 19. f4 {[%emt 0:00:15]} Qd5 {[%emt 0:00:04]} 20. f5 {[%emt 0:00:12]} Bd7 {[%emt 0:00:03]} 21. Bf3 {[%emt 0:01:29]} Qd6 {[%emt 0:00:18]} 22. f6 {[%emt 0:00:35]} Ne6 {[%emt 0:00:17]} 23. Ne4 {[%emt 0:00:49]} Qf8 {[%emt 0:00:08]} 24. fxg7 {[%emt 0:00:02]} Qxg7 {[%emt 0:00:02]} 25. Bh6 {[%emt 0:00:09]} Qg6 {[%emt 0:00:02]} 26. Kh1 {[%emt 0:00:03]} f5 {[%emt 0:00:06]} 27. Bh5 {[%emt 0:00:03]} fxe4 {[%emt 0:00:07]} 28. Bxg6 {[%emt 0:00:02]} hxg6 {[%emt 0:00:01]} 29. Rf6 {[%emt 0:00:03]} Kh7 {[%emt 0:00:03]} 30. Rf7+ {[%emt 0:00:01]} 1-0

[Event "3rd FIDE WCCC Rapid U10 2019"]
[Site "Minsk"]
[Date "2019.08.17"]
[Round "5.2"]
[White "Vetokhin, Savva"]
[Black "Bukreev, Stanislav"]
[Result "1-0"]
[WhiteElo "2016"]
[BlackElo "1257"]
[Annotator "NA"]
[PlyCount "97"]
[EventDate "2019.08.16"]
[EventType "swiss"]
[EventCountry "BLR"]
[SourceTitle "playchess.com"]
[Source "ChessBase"]
[SourceQuality "1"]
[TimeControl "600+5"]

1. e4 {[%emt 0:00:00]} e6 {[%emt 0:00:00]} 2. d4 {[%emt 0:00:00]} d5 {[%emt 0:00:00]} 3. Nd2 {[%emt 0:00:00]} c5 {[%emt 0:00:06]} 4. Ngf3 {[%emt 0:00:00]} Nc6 {[%emt 0:00:13]} 5. exd5 {[%emt 0:00:01]} exd5 {[%emt 0:00:04]} 6. Bb5 {[%emt 0:00:04]} Nf6 {[%emt 0:00:10]} 7. O-O {[%emt 0:00:04]} Be7 {[%emt 0:00:12]} 8. dxc5 {[%emt 0:00:03]} Bxc5 {[%emt 0:00:19]} 9. Re1+ {[%emt 0:00:01]} Be6 {[%emt 0:00:37]} 10. Nb3 {[%emt 0:00:03]} Be7 {[%emt 0:00:13]} 11. Nbd4 {[%emt 0:00:03]} Bd7 {[%emt 0:00:26]} 12. Qe2 {[%emt 0:00:36]} a6 {[%emt 0:01:49]} 13. Bxc6 {[%emt 0:00:11]} bxc6 {[%emt 0:00:16]} 14. Ne5 {[%emt 0:00:04]} Rc8 {[%emt 0:00:26]} 15. Nxd7 {[%emt 0:00:03]} Qxd7 {[%emt 0:00:21]} 16. Nf5 {[%emt 0:00:08]} Rc7 {[%emt 0:00:44]} 17. Bf4 {[%emt 0:00:25]} Ra7 {[%emt 0:00:15]} 18. Nxe7 {[%emt 0:01:33]} Qxe7 {[%emt 0:00:31]} 19. Qd3 {[%emt 0:00:01]} Ne4 {[%emt 0:00:12]} 20. f3 {[%emt 0:00:01]} O-O {[%emt 0:00:43]} 21. fxe4 {[%emt 0:00:03]} Rd7 {[%emt 0:00:16]} 22. exd5 {[%emt 0:00:08]} Qc5+ {[%emt 0:00:00]} 23. Be3 {[%emt 0:00:03]} Qxd5 {[%emt 0:00:05]} 24. Qxd5 {[%emt 0:00:02]} Rxd5 {[%emt 0:00:10]} 25. Rad1 {[%emt 0:00:01]} Rb5 {[%emt 0:00:15]} 26. b3 {[%emt 0:00:01]} h6 {[%emt 0:00:05]} 27. c4 {[%emt 0:00:01]} Ra5 {[%emt 0:00:07]} 28. Re2 {[%emt 0:00:05]} f5 {[%emt 0:00:03]} 29. Bb6 {[%emt 0:00:10]} Ra3 {[%emt 0:00:05]} 30. Bc5 {[%emt 0:00:01]} Ra5 {[%emt 0:00:03]} 31. Bxf8 {[%emt 0:00:02]} Kxf8 {[%emt 0:00:04]} 32. Rd7 {[%emt 0:00:01]} f4 {[%emt 0:00:04]} 33. a4 {[%emt 0:00:06]} Rf5 {[%emt 0:00:04]} 34. Ree7 {[%emt 0:00:01]} f3 {[%emt 0:00:03]} 35. gxf3 {[%emt 0:00:04]} Rxf3 36. Rxg7 {[%emt 0:00:07]} Rxb3 {[%emt 0:00:05]} 37. Rh7 {[%emt 0:00:04]} Rb1+ {[%emt 0:00:04]} 38. Kg2 {[%emt 0:00:03]} Rb2+ {[%emt 0:00:02]} 39. Kg3 {[%emt 0:00:01]} Rb3+ {[%emt 0:00:01]} 40. Kg4 {[%emt 0:00:01]} Ke8 {[%emt 0:00:04]} 41. Rb7 {[%emt 0:00:03]} Rxb7 {[%emt 0:00:05]} 42. Rxb7 {[%emt 0:00:02]} a5 {[%emt 0:00:01]} 43. Kf5 {[%emt 0:00:01]} c5 {[%emt 0:00:01]} 44. Ke6 {[%emt 0:00:01]} Kf8 {[%emt 0:00:01]} 45. h4 {[%emt 0:00:02]} h5 {[%emt 0:00:01]} 46. Ra7 {[%emt 0:00:02]} Kg8 {[%emt 0:00:02]} 47. Kf6 {[%emt 0:00:01]} Kh8 {[%emt 0:00:01]} 48. Kg6 {[%emt 0:00:01]} Kg8 {[%emt 0:00:00]} 49. Ra8# {[%emt 0:00:01]} 1-0

[Event "3rd FIDE WCCC Rapid U10 2019"]
[Site "Minsk"]
[Date "2019.08.17"]
[Round "5.3"]
[White "Samunenkov, Ihor"]
[Black "Zemlyanskii, Ivan"]
[Result "1-0"]
[WhiteElo "1964"]
[BlackElo "1571"]
[Annotator "NA"]
[PlyCount "112"]
[EventDate "2019.08.16"]
[EventType "swiss"]
[EventCountry "BLR"]
[SourceTitle "playchess.com"]
[Source "ChessBase"]
[SourceQuality "1"]
[TimeControl "600+5"]

1. Nf3 {[%emt 0:00:04]} Nf6 {[%emt 0:00:00]} 2. d4 {[%emt 0:00:03]} g6 {[%emt 0:00:01]} 3. c4 {[%emt 0:00:11]} Bg7 {[%emt 0:00:02]} 4. Nc3 {[%emt 0:00:02]} O-O {[%emt 0:00:03]} 5. g3 {[%emt 0:00:14]} d6 {[%emt 0:00:04]} 6. Bg2 {[%emt 0:00:01]} Nc6 {[%emt 0:00:03]} 7. d5 {[%emt 0:01:57]} Na5 {[%emt 0:00:03]} 8. Qd3 {[%emt 0:00:39]} c5 {[%emt 0:00:09]} 9. O-O {[%emt 0:00:11]} a6 {[%emt 0:00:09]} 10. Rb1 {[%emt 0:01:34]} b5 {[%emt 0:00:16]} 11. cxb5 {[%emt 0:00:12]} axb5 {[%emt 0:00:06]} 12. b4 {[%emt 0:00:09]} Nb7 {[%emt 0:01:57]} 13. Qxb5 {[%emt 0:01:36]} cxb4 {[%emt 0:00:48]} 14. Qxb4 {[%emt 0:00:06]} Nc5 {[%emt 0:00:04]} 15. Nd4 {[%emt 0:01:18]} Ba6 {[%emt 0:01:20]} 16. Nc6 {[%emt 0:00:17]} Qe8 {[%emt 0:00:31]} 17. Be3 {[%emt 0:00:22]} Nfd7 {[%emt 0:00:23]} 18. Bd4 {[%emt 0:00:18]} Bh6 {[%emt 0:00:46]} 19. Rfd1 {[%emt 0:00:47]} Rc8 {[%emt 0:00:32]} 20. Rb2 {[%emt 0:00:30]} e5 {[%emt 0:00:53]} 21. dxe6 {[%emt 0:00:23]} Nxe6 {[%emt 0:00:08]} 22. Qa4 {[%emt 0:00:23]} Nxd4 {[%emt 0:00:25]} 23. Qxd4 {[%emt 0:00:24]} Bg7 {[%emt 0:00:15]} 24. Qd2 {[%emt 0:00:10]} Nc5 {[%emt 0:00:41]} 25. Rb6 {[%emt 0:00:05]} Bc4 {[%emt 0:01:33]} 26. Bd5 {[%emt 0:00:01]} Bxc3 27. Qg5 {[%emt 0:00:07]} Rxc6 {[%emt 0:00:32]} 28. Bxc6 {[%emt 0:00:05]} Qxe2 {[%emt 0:00:07]} 29. Rbb1 {[%emt 0:00:03]} Bg7 {[%emt 0:00:27]} 30. Rxd6 {[%emt 0:00:06]} Qxa2 {[%emt 0:00:02]} 31. Rc1 {[%emt 0:00:07]} Nd3 32. Rf1 {[%emt 0:00:04]} Ne5 {[%emt 0:00:12]} 33. Rfd1 {[%emt 0:00:06]} Nxc6 {[%emt 0:00:05]} 34. Rxc6 {[%emt 0:00:01]} Be6 {[%emt 0:00:02]} 35. h4 {[%emt 0:00:07]} Qe2 {[%emt 0:00:04]} 36. Rd8 {[%emt 0:00:06]} Rxd8 {[%emt 0:00:08]} 37. Qxd8+ {[%emt 0:00:02]} Bf8 {[%emt 0:00:01]} 38. Rc1 {[%emt 0:00:08]} Qf3 {[%emt 0:00:03]} 39. Qd1 {[%emt 0:00:07]} Qa8 {[%emt 0:00:04]} 40. f3 {[%emt 0:00:05]} Qa7+ {[%emt 0:00:04]} 41. Kg2 {[%emt 0:00:01]} Qa2+ {[%emt 0:00:02]} 42. Rc2 {[%emt 0:00:01]} Qb3 {[%emt 0:00:01]} 43. Qe2 {[%emt 0:00:08]} Bf5 {[%emt 0:00:03]} 44. Rd2 {[%emt 0:00:04]} Be6 {[%emt 0:00:03]} 45. g4 {[%emt 0:00:06]} Qb4 {[%emt 0:00:07]} 46. Qe3 {[%emt 0:00:09]} Qb8 {[%emt 0:00:19]} 47. Re2 {[%emt 0:00:07]} Qd6 {[%emt 0:00:05]} 48. Qc3 {[%emt 0:00:05]} Bg7 {[%emt 0:00:05]} 49. Qc1 {[%emt 0:00:04]} h6 {[%emt 0:00:07]} 50. Rd2 {[%emt 0:00:01]} Qe5 {[%emt 0:00:04]} 51. Qd1 {[%emt 0:00:06]} Kh7 {[%emt 0:00:02]} 52. Re2 {[%emt 0:00:02]} Qf4 {[%emt 0:00:02]} 53. Re4 {[%emt 0:00:04]} Qc7 {[%emt 0:00:06]} 54. Qd3 {[%emt 0:00:04]} Qc1 {[%emt 0:00:02]} 55. h5 {[%emt 0:00:04]} Qb2+ {[%emt 0:00:05]} 56. Kh3 {[%emt 0:00:08]} Qf6 1-0

[Event "3rd FIDE WCCC Rapid U10 2019"]
[Site "Minsk"]
[Date "2019.08.17"]
[Round "5.4"]
[White "Shidlovskij, Artem"]
[Black "Toktomushev, Teimur"]
[Result "0-1"]
[WhiteElo "1668"]
[BlackElo "1977"]
[Annotator "NA"]
[PlyCount "82"]
[EventDate "2019.08.16"]
[EventType "swiss"]
[EventCountry "BLR"]
[SourceTitle "playchess.com"]
[Source "ChessBase"]
[SourceQuality "1"]
[TimeControl "600+5"]

1. d4 {[%emt 0:00:00]} Nf6 {[%emt 0:00:00]} 2. c4 {[%emt 0:00:00]} c5 {[%emt 0:00:00]} 3. d5 {[%emt 0:00:00]} b5 {[%emt 0:00:00]} 4. cxb5 a6 5. e3 {[%emt 0:00:06]} g6 {[%emt 0:00:15]} 6. Nc3 {[%emt 0:00:07]} Bg7 {[%emt 0:01:03]} 7. Nf3 {[%emt 0:00:03]} O-O {[%emt 0:00:03]} 8. a4 {[%emt 0:00:05]} axb5 {[%emt 0:00:24]} 9. Bxb5 {[%emt 0:00:14]} Ba6 {[%emt 0:00:18]} 10. O-O {[%emt 0:00:16]} d6 {[%emt 0:00:02]} 11. Bd2 {[%emt 0:00:28]} Bxb5 {[%emt 0:00:28]} 12. axb5 {[%emt 0:00:25]} Nbd7 {[%emt 0:00:01]} 13. Qb3 {[%emt 0:01:11]} Qc7 {[%emt 0:00:30]} 14. Ra3 {[%emt 0:00:13]} Qb7 {[%emt 0:01:44]} 15. e4 {[%emt 0:00:50]} Rfb8 {[%emt 0:00:40]} 16. Rfa1 {[%emt 0:00:12]} Rxa3 {[%emt 0:01:15]} 17. bxa3 {[%emt 0:00:10]} Nxe4 {[%emt 0:00:31]} 18. Re1 {[%emt 0:04:18]} Nxc3 {[%emt 0:01:01]} 19. Bxc3 {[%emt 0:00:02]} Qxb5 {[%emt 0:00:49]} 20. Qxb5 {[%emt 0:00:56]} Rxb5 {[%emt 0:00:03]} 21. Bxg7 {[%emt 0:00:01]} Kxg7 {[%emt 0:00:03]} 22. Rxe7 {[%emt 0:00:33]} Rb1+ {[%emt 0:00:29]} 23. Re1 {[%emt 0:00:08]} Rxe1+ {[%emt 0:00:34]} 24. Nxe1 {[%emt 0:00:01]} Nb6 {[%emt 0:00:05]} 25. Nd3 {[%emt 0:00:45]} Nxd5 {[%emt 0:00:01]} 26. a4 {[%emt 0:00:11]} Nb4 {[%emt 0:00:27]} 27. Nb2 {[%emt 0:00:43]} Kf6 {[%emt 0:00:12]} 28. Kf1 {[%emt 0:00:01]} Ke5 {[%emt 0:00:07]} 29. Ke2 {[%emt 0:00:20]} d5 {[%emt 0:00:13]} 30. Nd1 {[%emt 0:00:04]} Kd6 {[%emt 0:00:06]} 31. Kd2 {[%emt 0:00:04]} Kc6 {[%emt 0:00:14]} 32. Nc3 {[%emt 0:00:05]} c4 {[%emt 0:00:22]} 33. Ke3 {[%emt 0:00:06]} Kc5 {[%emt 0:00:06]} 34. Ne2 {[%emt 0:00:05]} Nc6 {[%emt 0:00:14]} 35. Kd2 {[%emt 0:00:06]} d4 {[%emt 0:00:08]} 36. f3 {[%emt 0:00:04]} Kb4 {[%emt 0:00:04]} 37. Nf4 {[%emt 0:00:04]} Kxa4 {[%emt 0:00:06]} 38. Nd5 {[%emt 0:00:02]} Kb3 {[%emt 0:00:02]} 39. h4 {[%emt 0:00:05]} c3+ {[%emt 0:00:03]} 40. Kc1 {[%emt 0:00:02]} Nb4 {[%emt 0:00:06]} 41. Nf4 {[%emt 0:00:07]} d3 {[%emt 0:00:06]} 0-1